000 00429nam a2200157 i 4500
001 93594
003 ES-MaACL
005 20230906181252.0
007 t|
008 050414s1971 sp ||||1| gao d
100 1 _aLópez Abente, Gonzalo.
_973379
245 1 2 _aO novo xuez
_b: novela curta /
_cGonzalo López Abente.
260 _aVigo :
_bGalaxia,
_c1971.
300 _a57 p. ;
_c17 cm.
852 _aES-MaACL
_jC-43915
_bR.77410
999 _c93594
_d93594